| 000 | 00773nam a2200241 u 4500 | ||
|---|---|---|---|
| 005 | 20240831063727.0 | ||
| 008 | 091127s2006 r 000 0 eng d | ||
| 020 | _a9788498110401 | ||
| 035 | _aUPN01000174042 | ||
| 049 | _aI | ||
| 050 | 4 |
_aPZ74 _aC4.5 |
|
| 100 | 1 | _aCelis, Agustín | |
| 245 | 1 | 0 |
_aMalekín o el secreto del armario / _cAgustín Celis y Alejandra Ramírez ; il. Xavier Gordillo. |
| 260 |
_aBarcelona, Esp. : _bPlaneta : _bOxford University Press, _c2006. |
||
| 300 |
_a127 p. : _bil. |
||
| 440 | 0 |
_aCamaleón. _pVerde ; _v18 |
|
| 650 | 4 |
_aLiteratura infantil española _95892 |
|
| 650 | 4 |
_aCuentos infantiles españoles _97725 |
|
| 650 | 4 |
_aHADAS _913686 |
|
| 700 | 1 |
_aRamírez, Alejandra, _ecoaut. _940537 |
|
| 905 | _aInfantil | ||
| 999 |
_c146146 _d146146 |
||